<?xml version="1.0" encoding="UTF-8"?>
<record
    xmlns:xsi="http://www.w3.org/2001/XMLSchema-instance"
    xsi:schemaLocation="http://www.loc.gov/MARC21/slim http://www.loc.gov/standards/marcxml/schema/MARC21slim.xsd"
    xmlns="http://www.loc.gov/MARC21/slim">

  <leader>00906nas a2200277   4500</leader>
  <controlfield tag="005">20190219184408.0</controlfield>
  <controlfield tag="008">190219b        xxu||||| |||| 00| 0 spa d</controlfield>
  <datafield tag="022" ind1=" " ind2=" ">
    <subfield code="a">16593359</subfield>
  </datafield>
  <datafield tag="082" ind1=" " ind2=" ">
    <subfield code="a">TEC Empresarial Vol. 12, N&#xFA;mero 3, 2019</subfield>
  </datafield>
  <datafield tag="100" ind1=" " ind2=" ">
    <subfield code="a">Ferreto Guti&#xE9;rrez, Eugenia</subfield>
    <subfield code="9">11404</subfield>
  </datafield>
  <datafield tag="100" ind1=" " ind2=" ">
    <subfield code="a">Lafuente, Esteban</subfield>
    <subfield code="9">52379</subfield>
  </datafield>
  <datafield tag="100" ind1=" " ind2=" ">
    <subfield code="a">Leiva, Juan Carlos</subfield>
    <subfield code="9">52380</subfield>
  </datafield>
  <datafield tag="245" ind1=" " ind2=" ">
    <subfield code="a">Capital humano y factores sociol&#xF3;gicos como determinantes del emprendimiento</subfield>
  </datafield>
  <datafield tag="260" ind1=" " ind2=" ">
    <subfield code="a">Costa Rica</subfield>
  </datafield>
  <datafield tag="260" ind1=" " ind2=" ">
    <subfield code="b">Tecnol&#xF3;gica de Costa Rica</subfield>
  </datafield>
  <datafield tag="260" ind1=" " ind2=" ">
    <subfield code="c">2019</subfield>
  </datafield>
  <datafield tag="300" ind1=" " ind2=" ">
    <subfield code="a">43-49 p&#xE1;ginas</subfield>
  </datafield>
  <datafield tag="440" ind1=" " ind2=" ">
    <subfield code="a">TEC Empresarial</subfield>
    <subfield code="n">3</subfield>
    <subfield code="v">12</subfield>
    <subfield code="9">52381</subfield>
  </datafield>
  <datafield tag="650" ind1=" " ind2=" ">
    <subfield code="a">COSTA RICA</subfield>
    <subfield code="9">52382</subfield>
  </datafield>
  <datafield tag="650" ind1=" " ind2=" ">
    <subfield code="a">ACTIVIDAD EMPRENDEDORA</subfield>
    <subfield code="9">52383</subfield>
  </datafield>
  <datafield tag="650" ind1=" " ind2=" ">
    <subfield code="a">CAPITAL HUMANO</subfield>
    <subfield code="9">52384</subfield>
  </datafield>
  <datafield tag="650" ind1=" " ind2=" ">
    <subfield code="a">HABILIDADES</subfield>
    <subfield code="9">15045</subfield>
  </datafield>
  <datafield tag="650" ind1=" " ind2=" ">
    <subfield code="a">EMPRENDEDORES</subfield>
    <subfield code="9">21</subfield>
  </datafield>
  <datafield tag="942" ind1=" " ind2=" ">
    <subfield code="c">REV</subfield>
  </datafield>
  <datafield tag="773" ind1="0" ind2=" ">
    <subfield code="0">8043</subfield>
    <subfield code="9">32831</subfield>
    <subfield code="a"></subfield>
    <subfield code="b"></subfield>
    <subfield code="d">Costa Rica</subfield>
    <subfield code="o">TE19312</subfield>
    <subfield code="t">TEC Empresarial</subfield>
    <subfield code="w"></subfield>
    <subfield code="x">16592395</subfield>
    <subfield code="z"></subfield>
  </datafield>
  <datafield tag="999" ind1=" " ind2=" ">
    <subfield code="c">11655</subfield>
    <subfield code="d">11655</subfield>
  </datafield>
</record>
